Next generation wide-field multi-object spectroscopy (Record no. 15359)
[ view plain ]
| 000 -LEADER | |
|---|---|
| fixed length control field | 00907nam a2200229Ia 4500 |
| 003 - CONTROL NUMBER IDENTIFIER | |
| control field | IN-BaIIA |
| 008 - FIXED-LENGTH DATA ELEMENTS--GENERAL INFORMATION | |
| fixed length control field | 211028s9999 xx 000 0 eng d |
| 020 ## - INTERNATIONAL STANDARD BOOK NUMBER | |
| International Standard Book Number | 1-58381-123-0 |
| 040 ## - CATALOGING SOURCE | |
| Transcribing agency | IIA Library |
| 080 ## - UNIVERSAL DECIMAL CLASSIFICATION NUMBER | |
| Universal Decimal Classification number | 082.2:52 |
| Item number | ASP-280 |
| 111 ## - MAIN ENTRY--MEETING NAME | |
| Meeting name or jurisdiction name as entry element | Workshop on Next Generation Wide-Field Multi-Object Spectroscopy |
| Location of meeting | USA |
| Date of meeting or treaty signing | 2001 Oct. 11-12 |
| 9 (RLIN) | 28341 |
| 245 #0 - TITLE STATEMENT | |
| Title | Next generation wide-field multi-object spectroscopy |
| Remainder of title | proceedings of a workshop held in Arizona, USA, 11-12 Oct 2001 |
| Statement of responsibility, etc. | edited by M. J. I. Brown and A. Dey |
| 260 ## - PUBLICATION, DISTRIBUTION, ETC. | |
| Place of publication, distribution, etc. | California |
| Name of publisher, distributor, etc. | Astronomical Society of the Pacific |
| Date of publication, distribution, etc. | 2002 |
| 300 ## - PHYSICAL DESCRIPTION | |
| Extent | xii, 144p. |
| 490 ## - SERIES STATEMENT | |
| Series statement | ASP conference series; v. 280 |
| 650 ## - SUBJECT ADDED ENTRY--TOPICAL TERM | |
| Topical term or geographic name entry element | Spectrophotometry |
| 650 ## - SUBJECT ADDED ENTRY--TOPICAL TERM | |
| Topical term or geographic name entry element | Stellar populations |
| 9 (RLIN) | 3380 |
| 650 ## - SUBJECT ADDED ENTRY--TOPICAL TERM | |
| Topical term or geographic name entry element | Walf-rayet galaxies |
| 9 (RLIN) | 28342 |
| 700 ## - ADDED ENTRY--PERSONAL NAME | |
| Personal name | Brown. M. J. I., ed. |
| 9 (RLIN) | 28343 |
| 700 ## - ADDED ENTRY--PERSONAL NAME | |
| Personal name | Dey. A., ed. |
| 9 (RLIN) | 28344 |
| 942 ## - ADDED ENTRY ELEMENTS (KOHA) | |
| Koha item type | Books |
| Withdrawn status | Lost status | Damaged status | Not for loan | Home library | Current library | Shelving location | Date acquired | Total Checkouts | Full call number | Barcode | Date last seen | Price effective from | Koha item type |
|---|---|---|---|---|---|---|---|---|---|---|---|---|---|
| IIA Library-Bangalore | IIA Library-Bangalore | General Stacks | 23/08/2003 | 082.2:52/ ASP-280 | 16281 | 05/11/2021 | 23/08/2003 | Books |